Albums de Slipknot par image - Statistiques

Statistiques générales
  • Ce quiz a été pris 28 fois
  • Le résultat moyen est 5 sur 7
Statistiques - réponses
Par images Réponse % Correct
Iowa (2001)
100%
Slipknot (1999)
100%
All Hope Is Gone (2008)
77%
We Are Not Your Kind (2019)
73%
The End, So Far (2022)
69%
.5: The Gray Chapter (2014)
65%
Vol. 3: (The Subliminal Verses) (2004)
58%
Aucun quiz correspondant
Distribution des résultats
% des personnes avec chaque résultat
Percentile par nombre de réponses
Votre historique - résultats
Vous n’avez pas pris ce quiz